000 00792nmm a2200265 a 4500
001 ocm000999463
003 TR-IsHL
005 20201028151431.0
008 150709s2013 tu tur
007 cr cn
035 _a999463
_b(N$T)
050 0 4 _aHQ663.4
_bO78 2013
090 0 4 _aHQ663.4
_bO78 2013
100 1 _aOruç, Mehmet
245 1 0 _aHuzurun kaynağı aile
_h[electronic resource] /
_cMehmet Oruç
260 _aİstanbul :
_bArı Sanat Yayınları,
_c2013
300 _a577 p.
500 _aDizin var.
_x
650 4 _aSosyoloji
650 4 _aSociology
650 0 _aAile
650 0 _aFamily
650 7 _aFAMILY & RELATIONSHIPS / Child Development
_2bisacsh
856 4 0 _uhttp://search.ebscohost.com/login.aspx?direct=true&scope=site&db=e011xww&AN=999463
999 _c11005
_d11005